000 00375 a2200157 4500
022 _a9780099286080
040 _aDLC
_bDLC
082 _a823.912
100 _aGreene, Graham
245 _aOur man in Havana
_cGraham Greene
260 _aLondon
_bVintage books
_c2001
300 _a225 p.
650 _aCuba--Havana
700 _aGraham Greene
942 _cBK
_k823.912 GRE
_2ddc
999 _c10803
_d10803